| 000 -ლიდერი |
| ფიქსირებული სიგრძის საკონტროლო ველი |
01030nam a2200241Ia 4500 |
| 001 - საკონტროლო ნომერი |
| საკონტროლო ველი |
5826 |
| 003 - საკონტროლო ნომრის იდენტიფიკატორი |
| საკონტროლო ველი |
GE_BSU |
| 005 - ბოლო ოპერაციის თარიღი და დრო |
| საკონტროლო ველი |
20190515183252.0 |
| 008 - ფიქსირებული სიგრძის მონაცემთა ელემენტები - ზოგადი ინფორმაცია |
| ფიქსირებული სიგრძის საკონტროლო ველი |
181216s1971||||ge |||||||||||||| ||geo|| |
| 040 ## - კატალოგიზაციის წყარო |
| Transcribing agency |
GE_BSU |
| 041 ## - ენის კოდი |
| Language code of text/sound track or separate title |
geo |
| 080 ## - უნივერსალური ათობითი კლასიფიკაციის ინდექსი |
| Universal Decimal Classification number |
69.002.5(075.8) ს-21 |
| 100 ## - მთავარი ჩანაწერი - პიროვნების სახელი |
| Personal name |
|
| 9 (RLIN) |
610 |
| 245 ## - ცნობა სათაურის შესახებ |
| Title |
სამშენებლო მანქანები : |
| Remainder of title |
სახელმძღვ. / |
| Statement of responsibility, etc |
ი. ბეთანელი, ი. გოთოშია, ი. გაბუნია და სხვ. |
| 250 ## - გამოცემის ცნობა |
| Edition statement |
მე-2 შევსებ. და გადამუშ. გამოც. |
| 264 ## - წარმოების, გამოცემის, დისტრიბუციის და სხვა ცნობები |
| გამოცემის, წარმოების, დისტრიბუციის... ადგილი |
თბილისი : |
| გამოცემის, წარმოების, დისტრიბუციის... სახელწოდება |
განათლება, |
| გამოცემის, წარმოების, დისტრიბუციის... თარიღი |
1971. |
| 300 ## - ფიზიკური აღწერა |
| Extent |
305 გვ. : |
| Other physical details |
ილ. ; |
| Dimensions |
22 სმ. |
| 653 ## - INDEX TERM--UNCONTROLLED |
| Uncontrolled term |
სამშენებლო მანქანები |
| 700 ## - ADDED ENTRY--PERSONAL NAME |
| Personal name |
ბეთანელი, ი. |
| Relator term |
ავტორი |
| 9 (RLIN) |
1181 |
| 700 ## - ADDED ENTRY--PERSONAL NAME |
| Personal name |
გოთოშია, ი. |
| Relator term |
ავტორი |
| 9 (RLIN) |
1182 |
| 700 ## - ADDED ENTRY--PERSONAL NAME |
| Personal name |
გაბუნია, ი |
| Relator term |
ავტორი |
| 9 (RLIN) |
1183 |
| 942 ## - ADDED ENTRY ELEMENTS (KOHA) |
| Koha item type |
წიგნი |
| Source of classification or shelving scheme |
|